Guess the Fusion Rock Song Lyrics #268 - Statistics

General Stats
  • This quiz has been taken 15 times
  • The average score is 86 of 206
Answer Stats
Answer % Correct
a
100%
to
100%
the
92%
and
83%
too
83%
be
75%
can
75%
in
75%
that
75%
this
75%
you
75%
You
75%
as
67%
Go
67%
is
67%
It's
67%
No
67%
of
67%
on
67%
are
58%
for
58%
just
58%
life
58%
long
58%
Now
58%
Some
58%
way
58%
world
58%
at
50%
away
50%
been
50%
fro
50%
Grateful Dead
50%
hear
50%
I'm
50%
your
50%
Cause
42%
her
42%
never
42%
seen
42%
Yeah
42%
yeah
42%
Yes
42%
You're
42%
You've
42%
you've
42%
cry
33%
days
33%
going
33%
place
33%
star
33%
there's
33%
There's
33%
free
25%
lights
25%
being
17%
dream
17%
Maybe
17%
Ooh
17%
sail
17%
still
17%
birds
8%
calling
8%
dreaming
8%
dreams
8%
moon
8%
price
8%
sailor
8%
sea
8%
Til
8%
where's
8%
beckon
0%
blowin
0%
broken
0%
card
0%
chains
0%
Compass
0%
dog
0%
drift
0%
Drifting
0%
drifting
0%
gales
0%
ghost
0%
glass
0%
Helm
0%
howling
0%
lash
0%
lost
0%
main
0%
mast
0%
misty
0%
reef
0%
shore
0%
spinning
0%
swingin
0%
swirling
0%
wind
0%
No matching quizzes found
Score Distribution
Percent of People with Each Score
Percentile by Number Answered
Your Score History
You have not taken this quiz